| 000 | 00619nam a22001937a 4500 | ||
|---|---|---|---|
| 003 | AM-YeHGA | ||
| 005 | 20250617154109.0 | ||
| 008 | 180517s xxu||||| |||| 00| 0 rus d | ||
| 040 | _aAM-YeHGA | ||
| 041 | 0 | _arus | |
| 100 | 1 | _aХарламов, Николай Иванович | |
| 245 | 1 | 0 |
_aОбучение и тренировка лыжника / _cН.И. Харламов, М.М. Кривцов. |
| 260 |
_aМосква : _bВоен. изд-во, _c1949. |
||
| 300 |
_a224 с. : _bил. |
||
| 653 | 0 | _aЛыжный спорт | |
| 700 | 1 | _aКривцов, М.М. | |
| 942 |
_2udc _cBK |
||
| 090 | _c406947 | ||
| 999 |
_c404706 _d404706 |
||